skbl

Dr Suryya Kumar Bhuyan Library Web-OPAC
ডঃ সূৰ্য্য
কুমাৰ ভূঞা পুথিভঁৰাল ৱেব-অ'পেক

All Research Scholars are advised to clear the annual library fees to continue using Library Resources, Remote Access, Plagiarism Test and Library Clearance.

Cotton University Book Fair 2026

The Assam Local Board Manual / (Record no. 1783)

MARC details
000 -LEADER
fixed length control field 00616nam a2200229Ia 4500
001 - CONTROL NUMBER
control field 1788
005 - DATE AND TIME OF LATEST TRANSACTION
control field 20240113233515.0
007 - PHYSICAL DESCRIPTION FIXED FIELD--GENERAL INFORMATION
fixed length control field ta
008 - FIXED-LENGTH DATA ELEMENTS--GENERAL INFORMATION
fixed length control field 050211s1905 a g b000 u eng u
040 ## - CATALOGING SOURCE
Original cataloging agency Ref. stack
041 ## - LANGUAGE CODE
Language code of text/sound track or separate title eng
082 ## - DEWEY DECIMAL CLASSIFICATION NUMBER
Classification number 020.209
Item number GOA
100 ## - MAIN ENTRY--PERSONAL NAME
Personal name Assam Administration, .
110 ## - MAIN ENTRY--CORPORATE NAME
Corporate name or jurisdiction name as entry element Assam Administration .
245 #0 - TITLE STATEMENT
Title The Assam Local Board Manual /
Statement of responsibility, etc. Assam Administration.
Medium Reports
260 ## - PUBLICATION, DISTRIBUTION, ETC.
Place of publication, distribution, etc. Shillong :
Name of publisher, distributor, etc. Assam Secretariat ,
Date of publication, distribution, etc. 1905.
300 ## - PHYSICAL DESCRIPTION
Extent 59p. :
Other physical details ill ;
Dimensions 21cm. .
653 ## - INDEX TERM--UNCONTROLLED
Uncontrolled term Report - Assam local board
942 ## - ADDED ENTRY ELEMENTS (KOHA)
Source of classification or shelving scheme Dewey Decimal Classification
Koha item type Books
Holdings
Withdrawn status Lost status Damaged status Not for loan Collection Home library Current library Date acquired Coded location qualifier Total checkouts Full call number Barcode Date last seen Copy number Price effective from Koha item type
          Dr. Suryya Kumar Bhuyan Library Dr. Suryya Kumar Bhuyan Library 01/02/2012 00000   020.209 GOA 417/Report 13/01/2024 1 01/02/2012 Books

Designed and Maintained by Team SKBL
©1901-2026

Powered by Koha